00718nam a2200157Ia 4500999001500000003000400015008004100019100001700060245003400077260003900111300000800150650001800158942001200176952018600188952018600374 c6757d6757OSt191201s2013 xx 000 0 und d aQUINN, Jason 0aGandhi My Life is My Message  bKALYANI NAVYUG MEDIA PVT LTDc2013 a205 aGeneral Books 2ddccBK 00102ddc40708GENERALaPIETbPIETcR02d2020-07-21eKalyani Nav yug Media Pvt Ltd.g399.00k271l0o954.035092 QUGp30261r2019-12-04 00:00:00v219.45w2018-08-31yREFzBiography 00102ddc40708GENERALaPIETbPIETcR02d2020-07-21eKalyani Nav yug Media Pvt Ltd.g399.00k271l0o954.035092 QUGp30262r2019-12-04 00:00:00v219.45w2018-08-31yREFzBiography